| 000 | 00391nam a2200157 i 4500 | ||
|---|---|---|---|
| 001 | bg | ||
| 100 | 1 | _aAU, Andrzej | |
| 245 | 0 |
_aBudowa i projektowanie aparatów elektrycznych / _cA. Au, J. Maksumiuk. |
|
| 260 |
_aWarszawa, _c1982. |
||
| 700 | 1 | _aMAKSUMIUK, Jan | |
| 040 | _cBPK | ||
| 041 | _apol | ||
| 080 | _a621.31(075.8) | ||
| 942 | _cKS | ||
| 008 | s pl f |000 0 pol | ||
| 999 |
_c21703 _d21703 |
||
| 856 |
_uhttp://koha.tu.koszalin.pl/cgi-bin/koha/opac-detail.pl?biblionumber=21703 _yKatalog online BPK |
||